000 00538nam a2200169Ia 4500
999 _c35449
_d35449
003 OSt
005 20201222154745.0
008 190216s9999||||xx |||||||||||||| ||und||
040 _coclc
082 _a297.1225
_bALI/T
100 _aAli, Abdullah Yusuf
_97782
245 0 _aThe Holy Qur`an Text, Translation And Commentary /
_cAbdullah Yusuf Ali
260 _bPresidency Of Islamic Courts & Affairs,
_c1946.
_aQatar:
300 _a1862p
650 _aQur`An
942 _cREF
_2ddc
_h297.1225
_iALI/T
_k297.1225
_mALI/T